| 000 | 01038nam a2200241Ia 4500 | ||
|---|---|---|---|
| 999 |
_c40581 _d40581 |
||
| 001 | 7206 | ||
| 003 | GE_BSU | ||
| 005 | 20231006163451.0 | ||
| 008 | 181216s2007||||ge |||||||||||||| ||geo|| | ||
| 020 | _a9994046950 | ||
| 040 | _cGE_BSU | ||
| 041 | _ageo | ||
| 080 | _a81'374.25=353.1 თ-42 | ||
| 100 |
_aთეზელიშვილი, სოლომონ _912293 |
||
| 245 |
_aუცხო სიტყვათა ლექსიკონი / _cსოლომონ თეზელიშვილი ; [მთ. რედ. გ. აბსნაძე ; რეცენზ. : ნ. კვანტალიანი, თ. ბარაბაძე, მ. ჟვანია]. |
||
| 260 | _aთბილისი. | ||
| 260 | _bმერიდიანი. | ||
| 260 | _c2007. | ||
| 300 |
_a1054 გვ. : _bილ. ; _c29 სმ. |
||
| 653 | _aუცხო სიტყვათა ლექსიკონი | ||
| 700 |
_aაბსანძე, გურამ _eმთ. რედაქტორი _920028 |
||
| 942 |
_cBK _2udc |
||